00608cam a22001931 4500001001300000003000400013005001700017008004100034010001700075025001900092040001800111050001900129100004500148245007500193260005600268300005400324600001900378999001700397sa 64004203 DLC20260227112023.0781018s1963 ii cj 000 0beng  asa 64004203  aPL480:I-E-2710 aDLCcDLCdDLC00aGV1785.B34bN32 aNarayana Menon, Vatakke Kurupath,d1911-00aBalasaraswati,cby Narayana Menon. Photographs by Marilyn Silverstone. aNew Delhi,bInter-national Cultural Centrec[1963?] a23 p.bgeneal. tables, ports. (part col.)c28 cm.00aBalasaraswati. c58371d58371